| 000 | 00517nam a2200133Ia 4500 | ||
|---|---|---|---|
| 008 | 171207s9999 xx 000 0 und d | ||
| 100 | _aMa, Tiejun | ||
| 245 | _aSocial Machines: how recent technological advances have aided financialisation | ||
| 245 | _cTiejun Ma, Frank McGroarty | ||
| 260 | _c2017 | ||
| 300 | _apages 234-250, September 2017 | ||
| 440 |
_aJournal of Information Technology _v32:3 |
||
| 650 | _afinancialization information technology marketplace lending peer-to-peer lending credit intermediation | ||
| 999 |
_c347708 _d347708 |
||